Studies on Organizational Behavior in Complex Situations Polish and Swedish research experience. Praca zbiorowa
Saved in:
| Format: | Book |
|---|---|
| Language: | English |
| Published: |
Warszawa
Szkola Glówna planowania i statystyki
1985
|
| Edition: | 1. wyd. |
| Series: | Monografie i opracowania
118 |
| Tags: |
No Tags, Be the first to tag this record!
|
MARC
| LEADER | 00000nam a2200000 4500 | ||
|---|---|---|---|
| 001 | c025652 | ||
| 005 | 20221220082358.5 | ||
| 041 | 0 | |a eng | |
| 044 | |a PL | ||
| 245 | 1 | 0 | |a Studies on Organizational Behavior in Complex Situations |b Polish and Swedish research experience. Praca zbiorowa |
| 250 | |a 1. wyd. | ||
| 264 | 1 | |a Warszawa |b Szkola Glówna planowania i statystyki |c 1985 | |
| 300 | |a 175 s. | ||
| 490 | 1 | |a Monografie i opracowania |v 118 | |
| 830 | 0 | |a Monografie i opracowania |v 118 | |